<?xml version="1.0" encoding="UTF-8"?><?xml-stylesheet type="text/xsl" href="static/style.xsl"?><OAI-PMH xmlns="http://www.openarchives.org/OAI/2.0/" xmlns:xsi="http://www.w3.org/2001/XMLSchema-instance" xsi:schemaLocation="http://www.openarchives.org/OAI/2.0/ http://www.openarchives.org/OAI/2.0/OAI-PMH.xsd"><responseDate>2026-06-01T02:21:16Z</responseDate><request verb="GetRecord" identifier="oai:docta.ucm.es:20.500.14352/63900" metadataPrefix="marc">https://docta.ucm.es/rest/oai/request</request><GetRecord><record><header><identifier>oai:docta.ucm.es:20.500.14352/63900</identifier><datestamp>2023-11-14T07:21:39Z</datestamp><setSpec>com_20.500.14352_14</setSpec><setSpec>col_20.500.14352_17</setSpec></header><metadata><record xmlns="http://www.loc.gov/MARC21/slim" xmlns:dcterms="http://purl.org/dc/terms/" xmlns:xsi="http://www.w3.org/2001/XMLSchema-instance" xmlns:doc="http://www.lyncode.com/xoai" xsi:schemaLocation="http://www.loc.gov/MARC21/slim http://www.loc.gov/standards/marcxml/schema/MARC21slim.xsd">
   <leader>00925njm 22002777a 4500</leader>
   <datafield ind2=" " ind1=" " tag="042">
      <subfield code="a">dc</subfield>
   </datafield>
   <datafield ind2=" " ind1=" " tag="720">
      <subfield code="a">García-Gutiérrez Fernández, Carlos</subfield>
      <subfield code="e">author</subfield>
   </datafield>
   <datafield ind2=" " ind1=" " tag="260">
      <subfield code="c">1988</subfield>
   </datafield>
   <datafield ind2=" " ind1=" " tag="520">
      <subfield code="a">En este trabajo se analizan los conflictos entre, de un lado, la dirección-gestión en la empresa cooperativa, y de otro lado, la capacidad de tomar decisiones de los miembros de la misma en tanto que socios, aún cuando no ocupen puestos directivo-gerenciales; puestos, estos últimos, que, por su naturaleza, son ocupados por personas cuya tarea es precisamente la de tomar decisiones. Dicho de otro modo, se estudia el conflicto entre las decisiones de los profesionales de las mismas -directivos y gerentes- y las de los socios -detentadores del poder de fijar objetivos.
El propósito de este trabajo es el de poner de manifiesto a la gerencia en la empresa cooperativa como una tarea más a desarrollar, por tanto, como una función que no conlleva más poder que cualquiera otro puesto; precisamente aunque suponga, una permanente toma de decisiones sobre el conjunto de la empresa. En todo Caso, para abordar este asunto, hay que analizar con cierto detenimiento: el concepto de empresa, sus objetivos, la estructura de poder, y también el concepto de participación en la empresa cooperativa.</subfield>
   </datafield>
   <datafield ind1="8" ind2=" " tag="024">
      <subfield code="a">https://hdl.handle.net/20.500.14352/63900</subfield>
   </datafield>
   <datafield ind1="8" ind2=" " tag="024">
      <subfield code="a">http://economicasyempresariales.ucm.es/working-papers-ccee</subfield>
   </datafield>
   <datafield ind2="0" ind1="0" tag="245">
      <subfield code="a">El problema de la doble condición de los socios-trabajadores (socios proveedores y socios consumidores) ante la gerencia de la empresa cooperativa. (La participación de los socios en la gestión de la Empresa Cooperativa)</subfield>
   </datafield>
</record></metadata></record></GetRecord></OAI-PMH>